00405nam a2200145Ia 4500008004100000020001800041041000800059082001500067100002100082245008600103250000600189260003600195300000800231650002000239210716s2006 xx 000 0 und d a9780761934707 aeng a174.4 GUPD aGupta, Dipankar. aEthics incorporated: top priority and bottom line.bTop priority and bottom line. a1 aNew DelhibResponse Booksc2006 a203 aBusiness Ethics